Filosofía mapuche: palabras arcaicas para despertar el ser

-д хадгалсан:
Номзүйн дэлгэрэнгүй
Үндсэн зохиолч: Mora Penroz, Ziley (autor)
Формат: Ном
Хэл сонгох:испани
Хэвлэсэн: Concepción Kushe 2001
Цуврал:Cosmovisión Mapuche, 2
Нөхцлүүд:
Шошгууд: Шошго нэмэх
Шошго байхгүй, Энэхүү баримтыг шошголох эхний хүн болох!

MARC

LEADER 00000nam a2200000 a 4500
001 UCN9962
003 CL-VaPUC
008 011221e20010000CL |||||||||||||||||spa|d
082 0 4 |a 305.898  |b MOR  |2 21 
100 |a Mora Penroz, Ziley  |e autor  |9 466515 
245 1 0 |a Filosofía mapuche: palabras arcaicas para despertar el ser 
300 |a 150 p 
942 |c BK 
945 |d 20011221 00:00:00  |a crobeson 
260 |a Concepción  |b Kushe  |c 2001 
650 7 |a MAPUCHES - COSMOVISION  |2 CL-VaPUC  |9 466502 
650 0 |a Culturas indígenas  |9 266389 
651 7 |a CHILE  |2 CL-VaPUC  |9 466503 
583 |a last modification  |c 20011221 00:00:00  |k Rodrigo Vera 
490 0 |a Cosmovisión Mapuche, 2 
999 |c 299047  |d 299045 
952 |0 0  |1 0  |4 0  |6 305_898000000000000_MOR_2001  |7 0  |8 X  |9 355174  |a FDOMLP  |b FDOMLP  |d 2019-11-21  |i 3785017  |o 305.898 MOR 2001  |p 3785017  |r 2019-11-21  |w 2019-11-21  |y BK_X  |k BU2